Kafka-Handbuch [Rezension]

Titel: Kafka-Handbuch [Rezension] / Jiří Munzar
Verfasser:
In: Brünner Beiträge zur Germanistik und Nordistik, Band [23=]14, Heft 1-2 (2009), Seite 196-197
alle Artikel anzeigen
Veröffentlicht: 2009
Format: Aufsatz
Sprache: Deutsch
Kein Bild verfügbar
X
alg: 22485704
001A    $04504:07-07-10 
001B    $01999:19-07-19 $t15:01:00.000 
001C    $04504:07-07-10 $t17:31:23.000 
001D    $04504:07-07-10 
001U    $0utf8 
001X    $00 
002@    $0Aou 
003@    $0224857045 
007A    $0224857045 $aHEB 
010@    $ager 
011@    $a2009 
021A    $aKafka-Handbuch [Rezension] $hJiří Munzar 
028A    $7135689899 $8Munzar, Jiří$Z1937- [Tp1] $9199377251 
031A    $d[23=]14 $e1-2 $h196-197 $j2009 
039B    $aIn $8--Abvc--. Brünner Beiträge zur Germanistik und Nordistik. - Brno : Masarykova Univerzita, 1977-. - ISSN 1211-4979 $x200900000000001804 $9047483814 
039T    $8--Aau--. Kafka-Handbuch. - Göttingen : Vandenhoeck & Ruprecht, 2008. - 576 S.. - ISBN 978-3-525-20852-6 $9188559876 
045T    $a7,20 $a7,22 
045T    $aLING $qDE-30 $2FID 
045T    $aGER $qDE-30 $2FID 
045V    $817.18.00$jZu einzelnen Autoren [Tkx] $9118843737 

lok: 22485704 62

exp: 22485704 62 1 #EPN
201B/01 $007-07-10 $t22:08:54.000 
203@/01 $0595908047 
208@/01 $a07-07-10 $be 
209A/01 $a/ $f000 $x00 
209B/01 $a2010 $x05 
247C/01 $8Frankfurt, Bibliographie der Deutschen Sprach- und Literaturwissenschaft $9113214561 
201U/01 $0utf8 

lok: 22485704 78

exp: 22485704 78 1 #EPN
201B/01 $020-11-20 $t14:33:19.000 
201C/01 $020-11-20 
201U/01 $0utf8 
203@/01 $01130893138 
208@/01 $a20-11-20 $be 
209A/01 $a/ $f000 $x00 
209A/01 $ab*p $x01 
220C/01 $apgar 
244Z/01 $#Böhmische Kronländer $#Länder der Böhmischen Krone $#Sudetenland $#Böhmen $#Mähren $#Mährisch-Schlesien $#Österreichisch-Schlesien $#Tschechische Sozialistische Republik Böhmische Länder $#Tschechei Böhmische Länder $#Země koruny české $74069573-6 $8--Tg1--Böhmische Länder $x01 $9085195553 
247C/01 $82080>Marburg/Lahn, Herder-Institut, Forschungsbibliothek, Bibliographieportal $9336309341
LEADER 00000caa a2200000 c 4500
001 224857045
003 DE-603
005 20190719150100.0
007 tu
008 100707s2009 xx |||| | u00||u|ger c
035 |a (DE-599)HEB224857045 
040 |a DE-603  |b ger  |c DE-603  |d DE-603 
041 |a ger 
084 |a 7,20  |a 7,22  |2 ssgn 
084 |a LING  |q DE-30  |2 fid 
084 |a GER  |q DE-30  |2 fid 
100 1 |a Munzar, Jiří  |d 1937-  |0 (DE-603)199377251  |0 (DE-588)135689899  |2 gnd 
245 0 0 |a Kafka-Handbuch [Rezension]  |c Jiří Munzar 
264 0 |c 2009 
773 0 8 |i In  |t Brünner Beiträge zur Germanistik und Nordistik  |d Brno : Masarykova Univerzita, 1977-  |h 25 cm  |x 1211-4979  |g Band [23=]14, Heft 1-2 (2009), Seite 196-197  |w (DE-603)047483814  |w (DE-600)303173-1 
787 0 8 |i Rezension von  |t Kafka-Handbuch  |d Göttingen : Vandenhoeck & Ruprecht, 2008  |h 576 S.  |z 9783525208526  |z 3525208529  |w (DE-603)188559876 
924 0 |9 603  |a (DE-603)595908047  |b DE-603  |c HES  |d d 
924 0 |9 2080  |a (DE-603)1130893138  |b DE-2080  |c HES  |d d  |g /